Statistiques concernant Les écoles d'Architecture en France sur une carte

Cliquez ici pour prendre le quiz!

Statistiques générales

  • Ce quiz a été pris 90 fois
  • Le résultat moyen est 17 sur 22

Réponses sur la Carte

Les réponses sont colorées sur une échelle allant du rouge au vert en fonction du pourcentage des utilisateurs qui les ont devinées à leur premier essai. Vous pouvez retrouver ces pourcentages ci-dessous.
 

Statistiques - réponses

École% Correct
ENSA Marseille
99%
ENSA Bordeaux
98%
ENSA Lyon
96%
ENSA Strasbourg
96%
ENSA Bretagne
94%
ENSA Montpellier
94%
INSA Strasbourg
94%
ENSA Nantes
91%
ENSA Toulouse
91%
ENSA Lille
88%
ENSA Nancy
83%
ENSA Grenoble
82%
ENSA Saint-Étienne
82%
ENSA Normandie
78%
ENSA Clermont-Ferrand
72%
ENSA Versailles
71%
ENSA Paris-La-Villette
51%
ENSA Paris-Belleville
44%
ENSA Paris-Malaquais
41%
ENSA Paris-Val de Seine
39%
ENSA Marne-La-Vallée
37%
École Spéciale d'Architecture
32%

Distribution des résultats

Percentile par nombre de réponses

% des personnes avec chaque résultat

Votre développement - résultats

Vous n’avez pas pris ce quiz